<?xml version="1.0" encoding="UTF-8"?>
<record
    xmlns:xsi="http://www.w3.org/2001/XMLSchema-instance"
    xsi:schemaLocation="http://www.loc.gov/MARC21/slim http://www.loc.gov/standards/marcxml/schema/MARC21slim.xsd"
    xmlns="http://www.loc.gov/MARC21/slim">

  <leader>08993ngm a22012137a 4500</leader>
  <controlfield tag="006">a|||||s|||||00| 0 </controlfield>
  <controlfield tag="007">tz</controlfield>
  <controlfield tag="008">110623s2009    cau|||||s|||| 00| 0 eng d</controlfield>
  <datafield tag="020" ind1=" " ind2=" ">
    <subfield code="a">1419876910</subfield>
  </datafield>
  <datafield tag="082" ind1=" " ind2=" ">
    <subfield code="2">22</subfield>
    <subfield code="a">791.4372</subfield>
    <subfield code="b">GRE</subfield>
  </datafield>
  <datafield tag="245" ind1="0" ind2="0">
    <subfield code="a">Greatest Classic Films Collection</subfield>
    <subfield code="h">[videorecording]</subfield>
  </datafield>
  <datafield tag="260" ind1=" " ind2=" ">
    <subfield code="a">Burbank, CA : </subfield>
    <subfield code="b"> Warner Home Video, 2009</subfield>
    <subfield code="c">2009</subfield>
  </datafield>
  <datafield tag="300" ind1=" " ind2=" ">
    <subfield code="a">2 videodiscs (464 min.) : </subfield>
    <subfield code="b">sd., b&amp;w ; </subfield>
    <subfield code="c">4 3/4 in.</subfield>
  </datafield>
  <datafield tag="490" ind1=" " ind2=" ">
    <subfield code="9">25775</subfield>
    <subfield code="a">Turner Classic Movies</subfield>
  </datafield>
  <datafield tag="500" ind1=" " ind2=" ">
    <subfield code="a">Title from set container.</subfield>
  </datafield>
  <datafield tag="500" ind1=" " ind2=" ">
    <subfield code="a">Special features: Disc 1, [Side A]: 2 commentaries with critic Roger Ebert and historian Rudy Behlmer; introduction by Lauren Bacall. [Side B]: Greer Garson Academy Awards footage; photo gallery; 2 World War II-era shorts: "Mr. Blabbermouth" and "For the common defense."; Disc 2,[Side A]: Commentary by historian Jeanine Basinger with Leslie Caron; vintage short "The million dollar nickel;" classic CinemaScope cartoon "The vanishing duck;" theatrial trailer. [Side B]: Commentary hosted by Patricia Ward Kelly and featuring rare interviews with Gene Kelly, Vincente Minnelli, Arthur Freed, Alan Jay Lerner, Johnny Green, Saul Chaplin, Michael Feinstein, Preston Ames and Irene Sharaff, and new observations by Leslie Caron and Nina Foch; vintage FitzPatrick Traveltalks short "Paris on parade;" classic cartoon "Symphony in slang;" theatrical trailer.</subfield>
  </datafield>
  <datafield tag="500" ind1=" " ind2=" ">
    <subfield code="a">Gigi is based on the novel by Colette.</subfield>
  </datafield>
  <datafield tag="500" ind1=" " ind2=" ">
    <subfield code="a">Mrs. miniver is based on the book by Jan Struther</subfield>
  </datafield>
  <datafield tag="505" ind1=" " ind2=" ">
    <subfield code="a">Disc 1, 	[Side A]: Casablanca (1942 ; 102 min. ; b&amp;w); [Side B]: Mrs. Miniver (1942 ; 133 min. ; b&amp;w).--  Disc 2, [Side A]  Gigi(1958 ; 115 min. ; col.); [Side B]: An American in Paris (1951 ; 114 min. ; col.).</subfield>
  </datafield>
  <datafield tag="508" ind1=" " ind2=" ">
    <subfield code="a">Gigi: Metro-Goldwyn-Mayer presents Arthur Freed Productions ; screenplay and lyrics by Alan Jay Lerner ; directed by Vincente Minnelli; Music, Frederick Loewe.</subfield>
  </datafield>
  <datafield tag="508" ind1=" " ind2=" ">
    <subfield code="a">Mrs. Miniver: a William Wyler production ; produced by Sidney Franklin ; screenplay by Arthur Wimperis, George Froeschel, James Hilton &amp; Claudine Wes</subfield>
  </datafield>
  <datafield tag="508" ind1=" " ind2=" ">
    <subfield code="a">Casablanca : a Hal B. Wallis production ; produced by Hal B. Wallis ; screenplay by Julius J. Epstein &amp; Philip G. Epstein and Howard Koch ; directed by Michael Curtiz ; music, Max Steiner</subfield>
  </datafield>
  <datafield tag="508" ind1=" " ind2=" ">
    <subfield code="a">An American in Paris :Metro-Goldwyn-Mayer ; produced by Arthur Freed ; story and screenplay by Alan Jay Lerner ; directed by Vincente Minnelli </subfield>
  </datafield>
  <datafield tag="511" ind1=" " ind2=" ">
    <subfield code="a">Gigi cast: Leslie Caron, Maurice Chevalier, Louis Jourdan, Hermoine Gingold, Eva Gabor, Jacques Bergerac, Isabel Jeans.   </subfield>
  </datafield>
  <datafield tag="511" ind1=" " ind2=" ">
    <subfield code="a">Mrs. Miniver cast: directed by William Wyler</subfield>
  </datafield>
  <datafield tag="511" ind1=" " ind2=" ">
    <subfield code="a">Casablanca cast: Humphrey Bogard, Ingrid Bergman, Paul Henreid, Claude Rains. Conrad Veidt, Sydney Greenstreet, Peter Lorre.</subfield>
  </datafield>
  <datafield tag="511" ind1=" " ind2=" ">
    <subfield code="a">An American in Paris cast: Gene Kelly, Leslie Caron, Oscar Levant, Georges Guetary, Nina Foch.   </subfield>
  </datafield>
  <datafield tag="520" ind1=" " ind2=" ">
    <subfield code="a">[Disc 1]: Casablanca, WWII. Rick Blaine is an exiled American who owns the most popular nightclub in town, Rick's cafe. He comes to have possession of two valuable letters that German couriers were killed trying to deliver to the German high command. Ilsa Lund re-enters Rick's life to purchase the letters he has obtained. Mrs. Miniver: The Miniver's are an English 'middle-class' family who, together, experience life in the first months of World War II. While dodging bombs. The Miniver's son beings courting Lady Beldon's granddaughter. A rose is named after Mrs. Miniver and it is entered into a competition where her rose will go up against Lady Beldon's rose. 	900s society with the former mistress of his uncle and her outgoing, tomboy granddaughter, </subfield>
  </datafield>
  <datafield tag="520" ind1=" " ind2=" ">
    <subfield code="a">[Disc 2]: Gigi: Gaston is the scion of a wealthy Parisian family who finds emotional refuge from the superficial          lifestyle of upper class Parisian 1900s society with the          former mistress of his uncle and her outgoing, tomboy          granddaughter, Gigi. When Gaston becomes aware that Gigi          has matured into a woman, her grandmother and aunt, who          have educated Gigi to be a wealthy man's mistress, request         he become her provider. An American in Paris: Jerry          Mulligan is a struggling American painter in Paris who is          'discovered' by an influential heiress. She just happens          to an interested in more than Jerry's art. Jerry in turn          falls for Lise, a young French girl already engaged to a          cabaret singer. His relationshp with Lise is filled with romantic complications.</subfield>
  </datafield>
  <datafield tag="521" ind1=" " ind2=" ">
    <subfield code="a">MPAA rating: PG (Casablanca); for mild violence ; MPAA rating: G (Gigi) ; Not rated (Mrs. Miniver, An American in Paris). </subfield>
  </datafield>
  <datafield tag="538" ind1=" " ind2=" ">
    <subfield code="a">Gigi: DVD, region 1, full screen (1.33:1) or widescreen (letterbox, enchanced); Dolby Digital 5.1 surround, Dolby Digital mono., dual-layer.</subfield>
  </datafield>
  <datafield tag="538" ind1=" " ind2=" ">
    <subfield code="a"> Casablanca, Mrs. Miniver abd An American in Paris: DVD, region 1, full screen (1.33:1); Dolby Digital mono., dual-layer.</subfield>
  </datafield>
  <datafield tag="546" ind1=" " ind2=" ">
    <subfield code="a">Casablanca: English (Dolby mono.) or dubbed French (Dolby mono.) dialogue, English, French or Spanish subtitles; English subtitles for the deaf and hard of hearing.   </subfield>
  </datafield>
  <datafield tag="546" ind1=" " ind2=" ">
    <subfield code="a">Mrs. Miniver: English (Dolby mono.) or dubbed French (Dolby mono.) dialogue, English, French or Spanish subtitles; English subtitles for the deaf and hard of hearing.   </subfield>
  </datafield>
  <datafield tag="546" ind1=" " ind2=" ">
    <subfield code="a">Gigi: English (Dolby 5.1) or dubbed French (Dolby mono.) dialogue, English, French or Japanese subtitles; English subtitles for the deaf and hard of hearing.   </subfield>
  </datafield>
  <datafield tag="546" ind1=" " ind2=" ">
    <subfield code="a">An American in Paris: English (Dolby mono.) or dubbed French (Dolby mono.) dialogue, English, French, Japanese or Thai subtitles; English subtitles for the deaf and hard of hearing.   </subfield>
  </datafield>
  <datafield tag="650" ind1=" " ind2=" ">
    <subfield code="9">25781</subfield>
    <subfield code="a">World War, 1939-1945</subfield>
    <subfield code="v">Drama</subfield>
    <subfield code="z">Morocco</subfield>
    <subfield code="z">Casablanca</subfield>
  </datafield>
  <datafield tag="650" ind1=" " ind2=" ">
    <subfield code="9">25780</subfield>
    <subfield code="a">Americans</subfield>
    <subfield code="v">Drama</subfield>
    <subfield code="z">France</subfield>
    <subfield code="z">Paris</subfield>
  </datafield>
  <datafield tag="650" ind1=" " ind2=" ">
    <subfield code="9">25065</subfield>
    <subfield code="a">Man-woman relationships</subfield>
    <subfield code="v">Drama </subfield>
  </datafield>
  <datafield tag="650" ind1=" " ind2=" ">
    <subfield code="9">25779</subfield>
    <subfield code="a">Artists</subfield>
    <subfield code="v">Drama</subfield>
    <subfield code="z">France</subfield>
    <subfield code="z">Paris</subfield>
  </datafield>
  <datafield tag="653" ind1=" " ind2=" ">
    <subfield code="c">June2011</subfield>
    <subfield code="c">June2011</subfield>
  </datafield>
  <datafield tag="655" ind1=" " ind2=" ">
    <subfield code="a">Romance films</subfield>
  </datafield>
  <datafield tag="655" ind1=" " ind2=" ">
    <subfield code="a">War films   </subfield>
  </datafield>
  <datafield tag="655" ind1=" " ind2=" ">
    <subfield code="a">Musical films</subfield>
  </datafield>
  <datafield tag="655" ind1=" " ind2=" ">
    <subfield code="a">Feature films</subfield>
  </datafield>
  <datafield tag="700" ind1=" " ind2=" ">
    <subfield code="9">25782</subfield>
    <subfield code="a">Bogart, Humphrey</subfield>
    <subfield code="d">1899-1957.   </subfield>
  </datafield>
  <datafield tag="700" ind1=" " ind2=" ">
    <subfield code="9">25876</subfield>
    <subfield code="a">Gershwin, Ira</subfield>
    <subfield code="d">1896-1983</subfield>
    <subfield code="e">lyr</subfield>
  </datafield>
  <datafield tag="700" ind1=" " ind2=" ">
    <subfield code="9">25825</subfield>
    <subfield code="a">Wallis, Hal B.</subfield>
    <subfield code="d">1899-1986</subfield>
    <subfield code="e">pro</subfield>
  </datafield>
  <datafield tag="700" ind1=" " ind2=" ">
    <subfield code="9">22795</subfield>
    <subfield code="a">Bergman, Ingrid,</subfield>
    <subfield code="d">1915-1982.</subfield>
    <subfield code="e">act</subfield>
  </datafield>
  <datafield tag="700" ind1=" " ind2=" ">
    <subfield code="9">25788</subfield>
    <subfield code="a">Henreid, Paul</subfield>
    <subfield code="e">act</subfield>
  </datafield>
  <datafield tag="700" ind1=" " ind2=" ">
    <subfield code="9">25789</subfield>
    <subfield code="a">Rains, Claude</subfield>
    <subfield code="e">act</subfield>
    <subfield code="d">1889-1967</subfield>
  </datafield>
  <datafield tag="700" ind1=" " ind2=" ">
    <subfield code="9">25790</subfield>
    <subfield code="a">Veidt, Conrad</subfield>
    <subfield code="e">act</subfield>
    <subfield code="d">1893-1943</subfield>
  </datafield>
  <datafield tag="700" ind1=" " ind2=" ">
    <subfield code="9">25794</subfield>
    <subfield code="a">Epstein, Julius J.</subfield>
    <subfield code="e">aus</subfield>
    <subfield code="d">1909-2000</subfield>
  </datafield>
  <datafield tag="700" ind1=" " ind2=" ">
    <subfield code="9">25839</subfield>
    <subfield code="a">Koch, Howard</subfield>
    <subfield code="e">aus</subfield>
  </datafield>
  <datafield tag="700" ind1=" " ind2=" ">
    <subfield code="9">25793</subfield>
    <subfield code="a">Curtiz, Michael</subfield>
    <subfield code="e">drt</subfield>
    <subfield code="d">1888-1962</subfield>
  </datafield>
  <datafield tag="700" ind1=" " ind2=" ">
    <subfield code="9">25798</subfield>
    <subfield code="a">Steiner, Max</subfield>
    <subfield code="e">cmp</subfield>
    <subfield code="d">1888-1971</subfield>
  </datafield>
  <datafield tag="700" ind1=" " ind2=" ">
    <subfield code="9">25807</subfield>
    <subfield code="a">Wimperis, Arthur</subfield>
    <subfield code="e">aus</subfield>
    <subfield code="d">1874-1953</subfield>
  </datafield>
  <datafield tag="700" ind1=" " ind2=" ">
    <subfield code="9">25809</subfield>
    <subfield code="a">Hilton, James</subfield>
    <subfield code="e">aus</subfield>
    <subfield code="d">1900-1954</subfield>
  </datafield>
  <datafield tag="700" ind1=" " ind2=" ">
    <subfield code="9">25811</subfield>
    <subfield code="a">Struther, Jan</subfield>
    <subfield code="e">aut</subfield>
    <subfield code="d">1901-1953</subfield>
    <subfield code="t">Mrs. Miniver</subfield>
  </datafield>
  <datafield tag="700" ind1=" " ind2=" ">
    <subfield code="9">25813</subfield>
    <subfield code="a">Franklin, Sidney A.</subfield>
    <subfield code="e">pro</subfield>
    <subfield code="d">1893-1972</subfield>
  </datafield>
  <datafield tag="700" ind1=" " ind2=" ">
    <subfield code="9">25813</subfield>
    <subfield code="a">Franklin, Sidney A.</subfield>
    <subfield code="e">pro</subfield>
    <subfield code="d">1893-1972</subfield>
  </datafield>
  <datafield tag="700" ind1=" " ind2=" ">
    <subfield code="9">25810</subfield>
    <subfield code="a">West, Claudine</subfield>
    <subfield code="e">aus</subfield>
  </datafield>
  <datafield tag="700" ind1=" " ind2=" ">
    <subfield code="9">25808</subfield>
    <subfield code="a">Froeschel, George</subfield>
    <subfield code="e">aus</subfield>
  </datafield>
  <datafield tag="700" ind1=" " ind2=" ">
    <subfield code="9">25799</subfield>
    <subfield code="a">Garson, Greer</subfield>
    <subfield code="e">act</subfield>
    <subfield code="d">1904-1996</subfield>
  </datafield>
  <datafield tag="700" ind1=" " ind2=" ">
    <subfield code="9">25817</subfield>
    <subfield code="a">Jourdan, Louis</subfield>
    <subfield code="e">act</subfield>
  </datafield>
  <datafield tag="700" ind1=" " ind2=" ">
    <subfield code="9">25818</subfield>
    <subfield code="a">Gingold, Hermione</subfield>
    <subfield code="e">act</subfield>
    <subfield code="d">1897-1987</subfield>
  </datafield>
  <datafield tag="700" ind1=" " ind2=" ">
    <subfield code="9">25819</subfield>
    <subfield code="a">Gabor, Eva</subfield>
    <subfield code="e">act</subfield>
    <subfield code="d">1921-1995</subfield>
  </datafield>
  <datafield tag="700" ind1=" " ind2=" ">
    <subfield code="9">25800</subfield>
    <subfield code="a">Pidgeon, Walter</subfield>
    <subfield code="e">act</subfield>
    <subfield code="d">1897-1984</subfield>
  </datafield>
  <datafield tag="700" ind1=" " ind2=" ">
    <subfield code="9">25826</subfield>
    <subfield code="a">Minnelli, Vincente</subfield>
    <subfield code="e">drt</subfield>
  </datafield>
  <datafield tag="700" ind1=" " ind2=" ">
    <subfield code="9">25820</subfield>
    <subfield code="a">Bergerac, Jacques</subfield>
    <subfield code="e">act</subfield>
    <subfield code="d">1927-</subfield>
  </datafield>
  <datafield tag="700" ind1=" " ind2=" ">
    <subfield code="9">25315</subfield>
    <subfield code="a">Jeans, Isabel</subfield>
    <subfield code="e">act</subfield>
    <subfield code="d">1891-1985</subfield>
  </datafield>
  <datafield tag="700" ind1=" " ind2=" ">
    <subfield code="9">25822</subfield>
    <subfield code="a">Lerner, Alan Jay</subfield>
    <subfield code="e">aus</subfield>
    <subfield code="e">lyr</subfield>
    <subfield code="d">1918-1986</subfield>
  </datafield>
  <datafield tag="700" ind1=" " ind2=" ">
    <subfield code="9">25823</subfield>
    <subfield code="a">Loewe, Frederick</subfield>
    <subfield code="e">cmp</subfield>
    <subfield code="d">1901-1988</subfield>
  </datafield>
  <datafield tag="700" ind1=" " ind2=" ">
    <subfield code="9">24885</subfield>
    <subfield code="a">Colette,</subfield>
    <subfield code="d">1873-1954.</subfield>
    <subfield code="t">Gigi.</subfield>
  </datafield>
  <datafield tag="700" ind1=" " ind2=" ">
    <subfield code="9">25801</subfield>
    <subfield code="a">Wright, Teresa</subfield>
    <subfield code="e">act</subfield>
    <subfield code="d">1918-2005</subfield>
  </datafield>
  <datafield tag="700" ind1=" " ind2=" ">
    <subfield code="9">25802</subfield>
    <subfield code="a">Whitty, May</subfield>
    <subfield code="e">act</subfield>
    <subfield code="d">1865-1948</subfield>
    <subfield code="c">Dame</subfield>
  </datafield>
  <datafield tag="700" ind1=" " ind2=" ">
    <subfield code="9">25812</subfield>
    <subfield code="a">Wyler, William</subfield>
    <subfield code="e">drt</subfield>
    <subfield code="d">1902-1981</subfield>
  </datafield>
  <datafield tag="700" ind1=" " ind2=" ">
    <subfield code="9">25803</subfield>
    <subfield code="a">Owen, Reginald</subfield>
    <subfield code="e">act</subfield>
    <subfield code="d">1887-1972</subfield>
  </datafield>
  <datafield tag="700" ind1=" " ind2=" ">
    <subfield code="9">25804</subfield>
    <subfield code="a">Travers, Henry</subfield>
    <subfield code="e">act</subfield>
    <subfield code="d">1874-1965.   </subfield>
  </datafield>
  <datafield tag="700" ind1=" " ind2=" ">
    <subfield code="9">25806</subfield>
    <subfield code="a">Wilcoxon, Henry </subfield>
    <subfield code="e">act</subfield>
    <subfield code="d">1905-1984</subfield>
  </datafield>
  <datafield tag="700" ind1=" " ind2=" ">
    <subfield code="9">25806</subfield>
    <subfield code="a">Wilcoxon, Henry </subfield>
    <subfield code="e">act</subfield>
    <subfield code="d">1905-1984</subfield>
  </datafield>
  <datafield tag="700" ind1=" " ind2=" ">
    <subfield code="9">25142</subfield>
    <subfield code="a">Freed, Arthur</subfield>
    <subfield code="e">pro</subfield>
    <subfield code="d">1894-1973</subfield>
  </datafield>
  <datafield tag="700" ind1=" " ind2=" ">
    <subfield code="9">25871</subfield>
    <subfield code="a">Gershwin, George</subfield>
    <subfield code="e">cmp</subfield>
    <subfield code="d">1898-1937</subfield>
  </datafield>
  <datafield tag="700" ind1=" " ind2=" ">
    <subfield code="9">25143</subfield>
    <subfield code="a">Kelly, Gene</subfield>
    <subfield code="e">act</subfield>
    <subfield code="d">1912-1996</subfield>
  </datafield>
  <datafield tag="700" ind1=" " ind2=" ">
    <subfield code="9">25873</subfield>
    <subfield code="a">Levant, Oscar</subfield>
    <subfield code="e">act</subfield>
    <subfield code="d">1906-1972</subfield>
  </datafield>
  <datafield tag="700" ind1=" " ind2=" ">
    <subfield code="9">25875</subfield>
    <subfield code="a">Foch, Nina</subfield>
    <subfield code="e">act</subfield>
  </datafield>
  <datafield tag="700" ind1=" " ind2=" ">
    <subfield code="9">25874</subfield>
    <subfield code="a">Guetary, Georges</subfield>
    <subfield code="e">act</subfield>
  </datafield>
  <datafield tag="700" ind1=" " ind2=" ">
    <subfield code="9">25815</subfield>
    <subfield code="a">Caron, Leslie</subfield>
    <subfield code="e">act</subfield>
  </datafield>
  <datafield tag="700" ind1=" " ind2=" ">
    <subfield code="9">25815</subfield>
    <subfield code="a">Caron, Leslie</subfield>
    <subfield code="e">pro</subfield>
  </datafield>
  <datafield tag="700" ind1=" " ind2=" ">
    <subfield code="9">25805</subfield>
    <subfield code="a">Ney, Richard</subfield>
    <subfield code="e">act</subfield>
  </datafield>
  <datafield tag="700" ind1=" " ind2=" ">
    <subfield code="9">25796</subfield>
    <subfield code="a">Burnett, Murray</subfield>
    <subfield code="e">aut</subfield>
    <subfield code="t">Everybody comes to Rick's.</subfield>
  </datafield>
  <datafield tag="700" ind1=" " ind2=" ">
    <subfield code="9">25795</subfield>
    <subfield code="a">Epstein, Philip G. </subfield>
    <subfield code="e">aus</subfield>
  </datafield>
  <datafield tag="700" ind1=" " ind2=" ">
    <subfield code="9">25791</subfield>
    <subfield code="a">Greenstreet, Sydney</subfield>
    <subfield code="e">act</subfield>
  </datafield>
  <datafield tag="700" ind1=" " ind2=" ">
    <subfield code="9">25011</subfield>
    <subfield code="a">Lorre, Peter</subfield>
    <subfield code="e">act</subfield>
  </datafield>
  <datafield tag="700" ind1=" " ind2=" ">
    <subfield code="9">25797</subfield>
    <subfield code="a">Alison, Joan</subfield>
    <subfield code="e">aut</subfield>
    <subfield code="t">Everybody comes to Rick's.</subfield>
  </datafield>
  <datafield tag="710" ind1=" " ind2=" ">
    <subfield code="9">25081</subfield>
    <subfield code="a">Metro-Goldwyn-Mayer</subfield>
  </datafield>
  <datafield tag="710" ind1=" " ind2=" ">
    <subfield code="9">25130</subfield>
    <subfield code="a">Warner Bros.</subfield>
  </datafield>
  <datafield tag="710" ind1=" " ind2=" ">
    <subfield code="9">25082</subfield>
    <subfield code="a">Warner Home Video (Firm)</subfield>
  </datafield>
  <datafield tag="740" ind1=" " ind2=" ">
    <subfield code="a">Gigi</subfield>
  </datafield>
  <datafield tag="740" ind1=" " ind2=" ">
    <subfield code="a">An American in Paris</subfield>
  </datafield>
  <datafield tag="740" ind1=" " ind2=" ">
    <subfield code="a">Casablanca</subfield>
  </datafield>
  <datafield tag="740" ind1=" " ind2=" ">
    <subfield code="a">Mrs. Miniver</subfield>
  </datafield>
  <datafield tag="942" ind1=" " ind2=" ">
    <subfield code="2">ddc</subfield>
    <subfield code="c">CDVDMOV</subfield>
  </datafield>
  <datafield tag="999" ind1=" " ind2=" ">
    <subfield code="c">15650</subfield>
    <subfield code="d">15650</subfield>
  </datafield>
  <datafield tag="952" ind1=" " ind2=" ">
    <subfield code="0">0</subfield>
    <subfield code="1">0</subfield>
    <subfield code="2">ddc</subfield>
    <subfield code="3">Lost In Inventory_2018-08-12</subfield>
    <subfield code="4">0</subfield>
    <subfield code="7">0</subfield>
    <subfield code="8">Baccah</subfield>
    <subfield code="a">MAIN</subfield>
    <subfield code="b">MAIN</subfield>
    <subfield code="c">2ND</subfield>
    <subfield code="d">2011-06-23</subfield>
    <subfield code="g">218.00</subfield>
    <subfield code="h">12512</subfield>
    <subfield code="l">3</subfield>
    <subfield code="o">791.4372 GRE</subfield>
    <subfield code="p">000028653</subfield>
    <subfield code="r">2022-08-24 00:00:00</subfield>
    <subfield code="s">2013-02-20</subfield>
    <subfield code="w">2011-06-23</subfield>
    <subfield code="y">CDVDMOV</subfield>
    <subfield code="z">2 DVDs</subfield>
  </datafield>
</record>
